[Event "Rhein Main op-B 21st"]
[Site "Bad Homburg"]
[Date "2018.05.30"]
[Round "1"]
[White "Leopold, Dieter"]
[Black "Chambers, Dominik Keith"]
[Result "1/2-1/2"]
[WhiteElo "1895"]
[BlackElo "1543"]
[PlyCount "44"]
[EventDate "2018.05.30"]
[EventType "swiss"]
[EventRounds "7"]
[EventCountry "GER"]
[SourceTitle "EXT 2019"]
[Source "ChessBase"]
[SourceDate "2018.10.10"]
[SourceVersion "1"]
[SourceVersionDate "2018.10.10"]
[SourceQuality "1"]

1. e4 d5 2. exd5 Qxd5 3. Nc3 Qd6 4. d4 Nf6 5. Nf3 a6 6. Be2 b5 7. 0-0 Bb7 8. g3 e6 9. Bf4 Qc6 10. Re1 Bd6 11. Qd2 Nbd7 12. Rad1 0-0 13. a3 Nb6 14. Bg5 Ne4 15. Nxe4 Qxe4 16. Qd3 Qg4 17. Bc1 Nc4 18. Ng5 Qf5 19. Qxf5 exf5 20. Bf3 Bxf3 21. Nxf3 Rfe8 22. b4 Re4 1/2-1/2

[Event "Rhein Main op-B 14th"]
[Site "Bad Homburg"]
[Date "2011.06.24"]
[Round "4"]
[White "Barisch, Florian"]
[Black "Leopold, Dieter"]
[Result "1/2-1/2"]
[WhiteElo "1981"]
[BlackElo "1755"]
[PlyCount "46"]
[EventDate "2011.06.22"]
[EventType "swiss"]
[EventRounds "7"]
[EventCountry "GER"]
[SourceTitle "EXT 2012"]
[Source "ChessBase"]
[SourceDate "2011.11.24"]
[SourceVersion "1"]
[SourceVersionDate "2011.11.24"]
[SourceQuality "1"]

1. d4 Nf6 2. Bf4 e6 3. e3 d5 4. Nd2 c5 5. c3 Nc6 6. Ngf3 Nh5 7. Bg5 Qb6 8. Rb1 h6 9. Bh4 g5 10. Ne5 Nxe5 11. Qxh5 gxh4 12. dxe5 Bd7 13. Be2 Bg7 14. 0-0 0-0-0 15. Nf3 Qc7 16. Qxf7 Bxe5 17. Nxe5 Qxe5 18. Qe7 d4 19. cxd4 cxd4 20. Rbc1+ Kb8 21. Qb4 dxe3 22. Bf3 exf2+ 23. Rxf2 Qb5 1/2-1/2

[Event "Rhein Main op 07th"]
[Site "Bad Homburg"]
[Date "2004.06.10"]
[Round "2.46"]
[White "Becker, Natalie"]
[Black "Leopold, Dieter"]
[Result "0-1"]
[WhiteElo "1475"]
[BlackElo "1805"]
[PlyCount "64"]
[EventDate "2004.06.09"]
[EventType "swiss"]
[EventRounds "7"]
[EventCountry "GER"]
[SourceTitle "CBM 100 Extra"]
[Source "ChessBase"]
[SourceDate "2004.07.06"]
[SourceVersion "2"]
[SourceVersionDate "2004.07.06"]
[SourceQuality "1"]

1. c4 Nf6 2. g3 e6 3. Bg2 d5 4. Nf3 Be7 5. 0-0 0-0 6. b3 c6 7. d4 Ne4 8. Qd3 f5 9. Ne5 Nd7 10. f4 Nxe5 11. fxe5 b6 12. Nc3 Nxc3 13. Qxc3 Ba6 14. cxd5 cxd5 15. Rf2 Rc8 16. Qb2 Qd7 17. Bd2 Rc7 18. e3 Rfc8 19. Rc1 Rxc1+ 20. Bxc1 Qc6 21. Bd2 Qc2 22. Qa1 Ba3 23. h3 Bd3 24. Kh2 Qb1 25. Qxb1 Bxb1 26. Be1 Bc1 27. Bd2 Rc2 28. Be1 Bxe3 29. Rxc2 Bxc2 30. Bc3 Bb1 31. a3 Bc2 32. b4 Bc1 0-1